| 000 | 00393nam a2200145Ia 4500 | ||
|---|---|---|---|
| 008 | 210719s1963 xx 000 0 und d | ||
| 041 | _aeng | ||
| 082 | _a320.973 IRIC | ||
| 100 | _aIRISH (Marian D) | ||
| 245 | _aContinuing crisis in american politics. | ||
| 260 |
_aUSA _bPrentice -Hall Inc., _c1963 |
||
| 300 |
_aix,174 _bPB |
||
| 365 |
_b3 _cRs |
||
| 650 | _aPolitical Situation & Condition | ||
| 999 |
_c212744 _d212744 |
||